Managing career by discovering your personality: (Record no. 59854)
[ view plain ]
| 000 -LEADER | |
|---|---|
| fixed length control field | 00818nam a22002297a 4500 |
| 005 - DATE AND TIME OF LATEST TRANSACTION | |
| control field | 20250128154757.0 |
| 010 ## - LCCN (DPL NO) | |
| LC control number | ENG-104424 ENG-143645 |
| 020 ## - INTERNATIONAL STANDARD BOOK NUMBER | |
| International Standard Book Number | 9788121933346 |
| Terms of availability | 250.00 |
| 020 ## - INTERNATIONAL STANDARD BOOK NUMBER | |
| International Standard Book Number | 9788121933346 |
| Terms of availability | 315.00 |
| 020 ## - INTERNATIONAL STANDARD BOOK NUMBER | |
| International Standard Book Number | 812193334x |
| Terms of availability | 250.00 |
| 035 ## - SYSTEM CONTROL NUMBER | |
| System control number | EN-87957 |
| 035 ## - SYSTEM CONTROL NUMBER | |
| System control number | EN-127177 |
| 037 ## - SOURCE OF ACQUISITION | |
| Source of stock number/acquisition | DBAD/PUB |
| 082 ## - DEWEY DECIMAL CLASSIFICATION NUMBER | |
| Classification number | 155.25 |
| 100 ## - MAIN ENTRY--PERSONAL NAME | |
| Personal name | Onkar, R.M. |
| 245 00 - TITLE STATEMENT | |
| Title | Managing career by discovering your personality: |
| Remainder of title | a pragmatic perspective.....and advancement/ |
| Statement of responsibility, etc | by R.M.Onkar |
| 260 ## - PUBLICATION, DISTRIBUTION, ETC. (IMPRINT) | |
| Place of publication, distribution, etc | New Delhi |
| Name of publisher, distributor, etc | S.Chand |
| Date of publication, distribution, etc | 2010,2023(Rep) |
| 270 ## - ADDRESS | |
| Address | 7361, Ram Nagar, |
| City | New Delhi |
| Postal code | 110055 |
| 300 ## - PHYSICAL DESCRIPTION | |
| Extent | xxvi,134p. : |
| Dimensions | 24cm (pbk) |
| Other physical details | col. ill. |
| 942 ## - ADDED ENTRY ELEMENTS (KOHA) | |
| Source of classification or shelving scheme | Dewey Decimal Classification |
| Item type | English Books |
| Call number suffix | ONK |
| Classification part | 155.25 |
| Withdrawn status | Lost status | Not for loan | Collection code | Home library | Current library | Date acquired | Source of acquisition | Cost, normal purchase price | Full call number | Barcode | Copy number | Cost, replacement price | Koha item type |
|---|---|---|---|---|---|---|---|---|---|---|---|---|---|
| Not For Loan | Non-fiction | D.B.Act.Division | D.B.Act.Division | 22/12/2011 | DBAD / PUB | 250.00 | 155.25 ONK | EN-87957 | 1 | 250.00 | English Books | ||
| Non-fiction | RC4 Seelam Pur | RC4 Seelam Pur | 28/01/2025 | Delivery of Books Act Division | 315.00 | ONK 155.25 | EN-127177 | 1 | 315.00 | English Books |
